000 00469nam a22001697a 4500
005 20240709135225.0
008 240709b |||||||| |||| 00| 0 eng d
082 _a614.19
_bAWA-P
100 _aAwan Nasib R
245 _aPrinciples and Practice of Forensic Medicine /
_cNasib R Awan
250 _a1st ed.
260 _aPakistan;
_bZubair book;
_c2009
300 _a169p.
_bill;
_c27.5 cm
500 _ainclude index .
650 _aMedical / Medicine
999 _c36083
_d36083